[Event "Moscow Aeroflot op-A"]
[Site "Moscow"]
[Date "2024.03.04"]
[Round "3"]
[White "Ohanyan, Emin"]
[Black "Esipenko, Andrey"]
[Result "1/2-1/2"]
[WhiteElo "2489"]
[BlackElo "2702"]
[PlyCount "55"]
[EventDate "2024.03.03"]
[EventType "swiss"]
[EventRounds "9"]
[EventCountry "RUS"]
[SourceTitle "CB11_2024"]
[SourceDate "2024.03.13"]
[SourceVersion "1"]
[SourceVersionDate "2024.03.13"]
[SourceQuality "1"]

1. d4 Nf6 2. c4 e6 3. Nf3 h6 4. g3 Bb4+ 5. Bd2 Be7 6. Bg2 0-0 7. 0-0 d5 8. Qc2 c6 9. b3 b6 10. Bc3 Bb7 11. Nbd2 Nbd7 12. e4 Nxe4 13. Nxe4 dxe4 14. Qxe4 Qc7 15. Ne5 Nxe5 16. dxe5 Rab8 17. Rfd1 c5 18. Qe2 Bc6 19. Rd2 Rbd8 20. Rad1 Rxd2 21. Rxd2 Rd8 22. Rxd8+ Bxd8 23. Qd3 Be7 24. Bxc6 Qxc6 25. f3 h5 26. h4 g6 27. Kf2 Kg7 28. Bd2 1/2-1/2

[Event "Moscow Aeroflot op-A"]
[Site "Moscow"]
[Date "2024.03.03"]
[Round "2"]
[White "Esipenko, Andrey"]
[Black "Remizov, Yaroslav"]
[Result "1/2-1/2"]
[WhiteElo "2702"]
[BlackElo "2446"]
[PlyCount "87"]
[EventDate "2024.03.03"]
[EventType "swiss"]
[EventRounds "9"]
[EventCountry "RUS"]
[SourceTitle "CB11_2024"]
[SourceDate "2024.03.13"]
[SourceVersion "1"]
[SourceVersionDate "2024.03.13"]
[SourceQuality "1"]

1. e4 c5 2. Nf3 e6 3. c3 Nf6 4. Bd3 Nc6 5. Bc2 Qc7 6. 0-0 d5 7. d3 Be7 8. Qe2 dxe4 9. dxe4 e5 10. Na3 0-0 11. Nc4 Be6 12. Ne3 h6 13. g3 Rad8 14. Nh4 Rfe8 15. Nef5 Bf8 16. f4 g6 17. Ne3 Bh3 18. Rf3 Bg7 19. Nhg2 Kh8 20. f5 Kh7 21. g4 Bxg4 22. Nxg4 Nxg4 23. Rh3 Nf6 24. Bg5 Rd6 25. Ne3 Nh5 26. Rxh5 gxh5 27. Qxh5 Rg8 28. Nd5 Bf8 29. h4 Rxd5 30. exd5 e4 31. Kg2 f6 32. d6 Qb6 33. Bb3 c4 34. Qf7+ Kh8 35. Qxc4 Rg7 36. Qxe4 hxg5 37. Rh1 g4 38. Qe8 Qd8 39. Re1 Qxd6 40. Re6 Qd2+ 41. Re2 Qd6 42. Re6 Qd2+ 43. Re2 Qd6 44. Re6 1/2-1/2

[Event "Moscow Aeroflot op-A"]
[Site "Moscow"]
[Date "2024.03.03"]
[Round "1"]
[White "Strybuk, Artsiom I"]
[Black "Esipenko, Andrey"]
[Result "0-1"]
[WhiteElo "2418"]
[BlackElo "2702"]
[PlyCount "83"]
[EventDate "2024.03.03"]
[EventType "swiss"]
[EventRounds "9"]
[EventCountry "RUS"]
[SourceTitle "CB11_2024"]
[SourceDate "2024.03.13"]
[SourceVersion "1"]
[SourceVersionDate "2024.03.13"]
[SourceQuality "1"]

1. c4 e5 2. g3 Nf6 3. Bg2 d5 4. cxd5 Nxd5 5. Nc3 Nf6 6. Nf3 Nc6 7. 0-0 h6 8. d4 exd4 9. Nb5 Bc5 10. Bf4 Nd5 11. Qc1 Bb6 12. Rd1 Qf6 13. Nfxd4 Nxf4 14. Qxf4 Qxf4 15. gxf4 Nxd4 16. Nxd4 Ke7 17. Rd3 c6 18. Rad1 Bc7 19. e3 g5 20. fxg5 hxg5 21. h3 Be5 22. b4 Bf6 23. b5 c5 24. Ne2 Be6 25. Ra3 Rhb8 26. Nc3 Kf8 27. Ne4 Be7 28. Rc1 c4 29. Ra4 a6 30. b6 Rd8 31. Ra5 Bb4 32. Rxg5 Ba3 33. Rc2 Rd1+ 34. Kh2 f5 35. Ng3 Rad8 36. Rg6 Kf7 37. Rh6 R8d2 38. Rh7+ Kg6 39. Rxd2 Rxd2 40. Rxb7 Bd6 41. e4 c3 42. e5 0-1

[Event "Titled Tuesday intern op 27th Feb Late"]
[Site "Chess.com INT"]
[Date "2024.02.27"]
[Round "4"]
[White "Barrientos Chavarriaga, Sergio E"]
[Black "Esipenko, Andrey"]
[Result "1/2-1/2"]
[WhiteElo "2425"]
[BlackElo "2704"]
[PlyCount "163"]
[EventDate "2024.02.27"]
[EventType "swiss (blitz)"]
[EventRounds "11"]
[EventCountry "USA"]
[SourceTitle "CB10_2024"]
[SourceDate "2024.03.06"]
[SourceVersion "1"]
[SourceVersionDate "2024.03.06"]
[SourceQuality "1"]

1. d4 Nf6 2. c4 e6 3. Nf3 b6 4. a3 Bb7 5. Nc3 d5 6. cxd5 Nxd5 7. Qc2 Nxc3 8. bxc3 Be7 9. e4 0-0 10. Bd3 c5 11. Bb2 Nd7 12. 0-0 Rc8 13. Qe2 Qc7 14. Rad1 Nf6 15. Rfe1 Rfd8 16. h3 b5 17. Bb1 a6 18. d5 c4 19. dxe6 fxe6 20. e5 Bxf3 21. Rxd8+ Bxd8 22. Qxf3 Nd5 23. Bc1 g6 24. Be4 Qf7 25. Qg3 Be7 26. Bxd5 exd5 27. e6 Qf5 28. Qe3 Bc5 29. Qg3 Re8 30. Bh6 Rxe6 31. Qb8+ Kf7 32. Qc7+ Re7 33. Rxe7+ Bxe7 34. Be3 Qe6 35. Bc5 Ke8 36. Bxe7 Qxe7 37. Qc8+ Kf7 38. Qxa6 Qd7 39. Qb6 d4 40. cxd4 Qd5 41. Qc7+ Ke6 42. Qf4 Qf5 43. Qe3+ Kd5 44. f3 Qf6 45. Qe4+ Kd6 46. Kf2 Qf5 47. Ke2 Qg5 48. g4 Qc1 49. Qe5+ Kd7 50. Qc5 Kd8 51. Qb6+ Kc8 52. Qa6+ Kd8 53. Qa5+ Ke7 54. Qb4+ Ke6 55. Qxb5 Qc2+ 56. Ke3 Qd3+ 57. Kf2 Qxd4+ 58. Kg2 c3 59. Qe2+ Kd5 60. Qb5+ Kd6 61. Qa6+ Kc7 62. Qa5+ Kc6 63. Qa6+ Kc5 64. Qa5+ Kc4 65. Qa4+ Kd3 66. Qd1+ Ke3 67. Qe1+ Kf4 68. Qg3+ Kg5 69. f4+ Kf6 70. g5+ Kf7 71. Qf3 Qd2+ 72. Kg3 c2 73. Qb7+ Ke6 74. Qc6+ Kf5 75. Qb5+ Ke4 76. Qc4+ Ke3 77. Qb3+ Ke2 78. Qf3+ Ke1 79. Qh1+ Ke2 80. Qf3+ Ke1 81. Qh1+ Ke2 82. Qf3+ 1/2-1/2

[Event "Titled Tuesday intern op 27th Feb Late"]
[Site "Chess.com INT"]
[Date "2024.02.27"]
[Round "1"]
[White "Esipenko, Andrey"]
[Black "Martinez Fernandez, Adrian"]
[Result "1-0"]
[WhiteElo "2704"]
[BlackElo "2400"]
[PlyCount "73"]
[EventDate "2024.02.27"]
[EventType "swiss (blitz)"]
[EventRounds "11"]
[EventCountry "USA"]
[SourceTitle "CB10_2024"]
[SourceDate "2024.03.06"]
[SourceVersion "1"]
[SourceVersionDate "2024.03.06"]
[SourceQuality "1"]

1. e4 c6 2. d4 g6 3. h4 d5 4. e5 h5 5. c4 Nh6 6. Nc3 Bf5 7. Qb3 Qd7 8. Nf3 e6 9. Be2 Bg4 10. Bxh6 Bxh6 11. 0-0 0-0 12. Rfd1 Qe7 13. g3 b6 14. Nh2 Bxe2 15. Nxe2 f6 16. exf6 Qxf6 17. f4 Qf5 18. Rac1 Kh7 19. Qd3 Qh3 20. Nf3 Nd7 21. cxd5 cxd5 22. Rc7 Rf7 23. Rdc1 Raf8 24. Ne5 Nxe5 25. dxe5 Bxf4 26. Nxf4 Qg4 27. Kh2 Kh6 28. Rxf7 Rxf7 29. Rf1 Kh7 30. Kg2 Rf5 31. Nxe6 Rxf1 32. Ng5+ Kh6 33. Qxf1 Qc8 34. Qf7 Qc2+ 35. Kh3 Qf5+ 36. Qxf5 gxf5 37. Ne6 1-0

[Event "Titled Tuesday intern op 27th Feb Late"]
[Site "Chess.com INT"]
[Date "2024.02.27"]
[Round "5"]
[White "Esipenko, Andrey"]
[Black "Niekras, Dawid"]
[Result "1-0"]
[WhiteElo "2704"]
[BlackElo "2344"]
[PlyCount "113"]
[EventDate "2024.02.27"]
[EventType "swiss (blitz)"]
[EventRounds "11"]
[EventCountry "USA"]
[SourceTitle "CB10_2024"]
[SourceDate "2024.03.06"]
[SourceVersion "1"]
[SourceVersionDate "2024.03.06"]
[SourceQuality "1"]

1. Nf3 g6 2. d4 Nf6 3. Nc3 d5 4. Bf4 Bg7 5. e3 a6 6. h4 h5 7. Ne5 c5 8. Be2 Qa5 9. 0-0 Nc6 10. Bf3 cxd4 11. exd4 0-0 12. Re1 Re8 13. a3 Bf5 14. Qd2 Rac8 15. Nxc6 Rxc6 16. Be5 e6 17. Re2 Ng4 18. Bxg7 Kxg7 19. Bxd5 Rxc3 20. Bb3 Qc7 21. g3 Rxb3 22. cxb3 Rd8 23. Qc3 Qxc3 24. bxc3 Rc8 25. c4 Nf6 26. f3 Rd8 27. Rd2 Kf8 28. Kf2 Ke7 29. Ke3 Rg8 30. a4 g5 31. hxg5 Rxg5 32. Kf4 Rg8 33. a5 Nd7 34. Ra4 Kd6 35. Rh2 Bg6 36. Rb4 Kc7 37. Rd2 Nb8 38. d5 Rd8 39. Ke3 exd5 40. cxd5 Rd7 41. Rc4+ Kd8 42. Rdd4 Rd6 43. Rb4 Kc7 44. Rdc4+ Kd8 45. Rxb7 Nd7 46. Kd4 Nf6 47. Ke5 Rxd5+ 48. Kxf6 Rf5+ 49. Kg7 Rxa5 50. b4 Rf5 51. f4 Rd5 52. Rc3 Rd6 53. Rc5 Be4 54. Rxf7 Rg6+ 55. Kf8 Rxg3 56. f5 Rf3 57. Re5 1-0

[Event "Rostov on Don Blitz m"]
[Site "Rostov on Don"]
[Date "2024.02.21"]
[Round "2"]
[White "Esipenko, Andrey"]
[Black "Kramnik, Vladimir"]
[Result "1-0"]
[WhiteElo "2704"]
[BlackElo "2753"]
[PlyCount "131"]
[EventDate "2024.02.21"]
[EventType "match (blitz)"]
[EventRounds "12"]
[EventCountry "RUS"]
[SourceTitle "CB09_2024"]
[SourceDate "2024.02.28"]
[SourceVersion "1"]
[SourceVersionDate "2024.02.28"]
[SourceQuality "1"]

1. e4 e5 2. Nf3 Nc6 3. Bc4 Bc5 4. c3 Nf6 5. d4 exd4 6. b4 Be7 7. e5 Ne4 8. b5 d5 9. exd6 Nxd6 10. bxc6 Nxc4 11. cxb7 Bxb7 12. Qa4+ Qd7 13. Qxc4 0-0 14. 0-0 Bxf3 15. gxf3 Qh3 16. Bf4 Qxf3 17. Bg3 h5 18. Nd2 Qxc3 19. Qxc3 dxc3 20. Nc4 Bf6 21. Be5 Bxe5 22. Nxe5 Rfe8 23. Nf3 Rad8 24. Rfc1 Rd3 25. Ne1 Rd2 26. Rxc3 Ree2 27. Nd3 c5 28. Rf1 c4 29. Nf4 Re4 30. Nxh5 Rxa2 31. Ng3 Rd4 32. Rfc1 Ra4 33. Nf5 Rg4+ 34. Kf1 Rf4 35. Ne3 Ra2 36. R1c2 Rxc2 37. Rxc2 a5 38. Rxc4 Rxc4 39. Nxc4 a4 40. Ke2 Kh7 41. Kf3 Kg6 42. Kg4 Kf6 43. h4 Ke6 44. Kg5 Ke7 45. f4 Kf8 46. f5 Kg8 47. f6 g6 48. Kh6 Kh8 49. Na3 Kg8 50. Nc4 Kh8 51. Na3 Kg8 52. Nb5 Kh8 53. h5 gxh5 54. Kxh5 Kh7 55. Kg5 Kg8 56. Na3 Kh7 57. Nc4 Kg8 58. Kh6 Kh8 59. Kh5 Kh7 60. Kg5 Kg8 61. Kf4 Kh7 62. Kf5 Kg8 63. Ke5 Kh7 64. Kd6 Kh6 65. Ke7 Kg6 66. Na3 1-0

[Event "Rostov on Don Blitz m"]
[Site "Rostov on Don"]
[Date "2024.02.21"]
[Round "4"]
[White "Esipenko, Andrey"]
[Black "Kramnik, Vladimir"]
[Result "1-0"]
[WhiteElo "2704"]
[BlackElo "2753"]
[PlyCount "39"]
[EventDate "2024.02.21"]
[EventType "match (blitz)"]
[EventRounds "12"]
[EventCountry "RUS"]
[SourceTitle "CB09_2024"]
[SourceDate "2024.02.28"]
[SourceVersion "1"]
[SourceVersionDate "2024.02.28"]
[SourceQuality "1"]

1. e4 e5 2. Nf3 Nc6 3. Bc4 Bc5 4. c3 Nf6 5. d4 exd4 6. b4 Bb6 7. e5 Ne4 8. b5 d5 9. Bd3 Nxe5 10. Nxe5 Qe7 11. Bf4 g5 12. Bxe4 gxf4 13. cxd4 dxe4 14. Nc3 Qb4 15. Rc1 Bxd4 16. 0-0 Bxe5 17. Nd5 Qxb5 18. Rxc7 0-0 19. Re7 Be6 20. Qh5 1-0

[Event "Rostov on Don Blitz m"]
[Site "Rostov on Don"]
[Date "2024.02.21"]
[Round "6"]
[White "Esipenko, Andrey"]
[Black "Kramnik, Vladimir"]
[Result "1-0"]
[WhiteElo "2704"]
[BlackElo "2753"]
[PlyCount "91"]
[EventDate "2024.02.21"]
[EventType "match (blitz)"]
[EventRounds "12"]
[EventCountry "RUS"]
[SourceTitle "CB09_2024"]
[SourceDate "2024.02.28"]
[SourceVersion "1"]
[SourceVersionDate "2024.02.28"]
[SourceQuality "1"]

1. e4 e5 2. Nf3 Nc6 3. Bc4 Bc5 4. c3 Nf6 5. d4 exd4 6. b4 Bb6 7. e5 d5 8. exf6 dxc4 9. Qe2+ Be6 10. b5 Nb4 11. fxg7 Rg8 12. cxb4 Rxg7 13. Qe5 Rxg2 14. Nbd2 Qd5 15. Kf1 Qxe5 16. Nxe5 Bh3 17. Ndxc4 0-0-0 18. Ke1 Re8 19. Kd1 Rxf2 20. Bd2 Bf5 21. a4 d3 22. Ra3 Bd4 23. Nxd3 Rf3 24. Ne1 Rf2 25. Be3 Bxe3 26. Rxe3 Rd8+ 27. Kc1 Ra2 28. Ra3 Re2 29. Rf1 Be6 30. Rc3 Rxh2 31. Nc2 h5 32. a5 Kb8 33. Ne5 h4 34. Nxf7 Rf8 35. Rcf3 Bc4 36. Ne5 Rxf3 37. Rxf3 Rh1+ 38. Kb2 a6 39. Nxc4 axb5 40. Ne5 h3 41. Rf8+ Ka7 42. Rh8 b6 43. axb6+ Kxb6 44. Rh6+ Kb7 45. Nd3 Kc8 46. Nf2 1-0

[Event "Rostov on Don Blitz m"]
[Site "Rostov on Don"]
[Date "2024.02.21"]
[Round "10"]
[White "Esipenko, Andrey"]
[Black "Kramnik, Vladimir"]
[Result "1-0"]
[WhiteElo "2704"]
[BlackElo "2753"]
[PlyCount "89"]
[EventDate "2024.02.21"]
[EventType "match (blitz)"]
[EventRounds "12"]
[EventCountry "RUS"]
[SourceTitle "CB09_2024"]
[SourceDate "2024.02.28"]
[SourceVersion "1"]
[SourceVersionDate "2024.02.28"]
[SourceQuality "1"]

1. e4 e5 2. Nf3 Nc6 3. Bc4 Bc5 4. c3 Nf6 5. d3 d6 6. 0-0 a5 7. Re1 Ba7 8. Bb3 0-0 9. h3 h6 10. Nbd2 b5 11. a4 b4 12. Nf1 Rb8 13. Be3 Re8 14. Bc4 Bxe3 15. Nxe3 Ne7 16. Qc2 Bd7 17. d4 Ng6 18. Nf1 Bc6 19. Ng3 exd4 20. Nxd4 Bd7 21. Bb5 bxc3 22. Qxc3 c5 23. Nc6 Bxc6 24. Bxc6 Re5 25. Rad1 Rb4 26. Nf5 Qc7 27. Bd5 Nf4 28. Qg3 Rxf5 29. Bxf7+ Qxf7 30. exf5 d5 31. b3 Kh7 32. Kh2 Qh5 33. Rc1 Ne2 34. Qg6+ Qxg6 35. fxg6+ Kxg6 36. Rxe2 Rxb3 37. Rxc5 d4 38. f3 Rb4 39. Rxa5 d3 40. Rd2 Rd4 41. Rb5 Nd5 42. Rb3 Nb4 43. a5 Rc4 44. a6 Rc2 45. Rbxd3 1-0

[Event "Rostov on Don Blitz m"]
[Site "Rostov on Don"]
[Date "2024.02.21"]
[Round "9"]
[White "Kramnik, Vladimir"]
[Black "Esipenko, Andrey"]
[Result "1/2-1/2"]
[WhiteElo "2753"]
[BlackElo "2704"]
[PlyCount "111"]
[EventDate "2024.02.21"]
[EventType "match (blitz)"]
[EventRounds "12"]
[EventCountry "RUS"]
[SourceTitle "CB09_2024"]
[SourceDate "2024.02.28"]
[SourceVersion "1"]
[SourceVersionDate "2024.02.28"]
[SourceQuality "1"]

1. d4 d5 2. Nf3 Nf6 3. c4 e6 4. e3 Be7 5. Nc3 0-0 6. h3 b6 7. cxd5 exd5 8. Bd3 c5 9. 0-0 Nc6 10. b3 cxd4 11. exd4 h6 12. Re1 Bd6 13. Nb5 Bb4 14. Bd2 a6 15. Bxb4 Nxb4 16. Nc3 Nxd3 17. Qxd3 Qd6 18. Ne5 Bd7 19. Re3 b5 20. b4 Qxb4 21. Nxd7 Nxd7 22. Nxd5 Qd6 23. Ne7+ Kh8 24. Rae1 Rad8 25. Nf5 Qf6 26. Rg3 Nc5 27. Qf3 Ne6 28. Qg4 Nxd4 29. Qxg7+ Qxg7 30. Nxg7 Rg8 31. Nh5 Rxg3 32. fxg3 Ne6 33. Re2 Kg8 34. g4 b4 35. Re5 Rd3 36. Ra5 Rd6 37. Nf6+ Kf8 38. Kf2 Nc7 39. Ne4 Rc6 40. Rc5 Rxc5 41. Nxc5 Ke7 42. Ke3 a5 43. h4 Nb5 44. Na4 Ke6 45. Kd3 Kd5 46. g5 hxg5 47. h5 Ke6 48. Nc5+ Kf6 49. Ne4+ Kg7 50. Nxg5 a4 51. h6+ Kxh6 52. Nxf7+ Kh5 53. Ne5 b3 54. axb3 axb3 55. Nc4 Kg4 56. Nd2 1/2-1/2

[Event "Rostov on Don Blitz m"]
[Site "Rostov on Don"]
[Date "2024.02.21"]
[Round "11"]
[White "Kramnik, Vladimir"]
[Black "Esipenko, Andrey"]
[Result "0-1"]
[WhiteElo "2753"]
[BlackElo "2704"]
[PlyCount "80"]
[EventDate "2024.02.21"]
[EventType "match (blitz)"]
[EventRounds "12"]
[EventCountry "RUS"]
[SourceTitle "CB09_2024"]
[SourceDate "2024.02.28"]
[SourceVersion "1"]
[SourceVersionDate "2024.02.28"]
[SourceQuality "1"]

1. e4 e5 2. Nf3 Nc6 3. Bb5 a6 4. Ba4 Nf6 5. 0-0 Be7 6. d3 b5 7. Bb3 d6 8. a3 0-0 9. Nc3 Rb8 10. h3 h6 11. Nd5 Nxd5 12. Bxd5 Qe8 13. b4 Bd8 14. Re1 Ne7 15. Bb3 Ng6 16. d4 Bf6 17. c3 a5 18. Bc2 Be6 19. Be3 Ra8 20. Qd2 Qe7 21. dxe5 Nxe5 22. Nxe5 Bxe5 23. f4 Bf6 24. e5 Bh4 25. f5 Bc4 26. f6 Qxe5 27. fxg7 Rfe8 28. Bd4 Qg5 29. Rxe8+ Rxe8 30. Qxg5 Bxg5 31. bxa5 c5 32. Bf2 Kxg7 33. Rd1 Bf4 34. a4 bxa4 35. Ra1 Bb3 36. Bd3 Ra8 37. c4 Rxa5 38. Be1 Be5 39. Rb1 Ra7 40. Be4 a3 0-1

[Event "Rostov on Don Rapid m"]
[Site "Rostov on Don"]
[Date "2024.02.19"]
[Round "6"]
[White "Esipenko, Andrey"]
[Black "Kramnik, Vladimir"]
[Result "0-1"]
[WhiteElo "2704"]
[BlackElo "2753"]
[PlyCount "106"]
[EventDate "2024.02.18"]
[EventType "match (rapid)"]
[EventRounds "6"]
[EventCountry "RUS"]
[SourceTitle "CB09_2024"]
[SourceDate "2024.02.28"]
[SourceVersion "1"]
[SourceVersionDate "2024.02.28"]
[SourceQuality "1"]

1. e4 e5 2. Nf3 Nc6 3. Bc4 Nf6 4. d3 Bc5 5. 0-0 d6 6. c3 a6 7. Re1 Ba7 8. Nbd2 0-0 9. Nf1 h6 10. h3 Re8 11. Ng3 Na5 12. Bb3 Nxb3 13. axb3 d5 14. exd5 Qxd5 15. Be3 c5 16. Ra4 Be6 17. Rh4 e4 18. Nxe4 Nxe4 19. c4 Nxf2 20. Kxf2 Qd6 21. Bf4 Qf8 22. Rh5 f6 23. Nd2 g5 24. Bg3 Bf7 25. Ne4 Re6 26. Rf1 Rd8 27. Kg1 Rxe4 28. Rxf6 Re6 29. Rhxh6 Qxh6 30. Rxh6 Rxh6 31. Qf3 Bb8 32. Bxb8 Rxb8 33. Qg3 Re8 34. Qxg5+ Rg6 35. Qxc5 Re2 36. Qc8+ Kg7 37. Qxb7 Rxb2 38. d4 a5 39. Qe4 Rxb3 40. Qe5+ Kg8 41. Qxa5 Bxc4 42. Qd8+ Kg7 43. d5 Rb1+ 44. Kh2 Rb7 45. h4 Rf7 46. h5 Rg4 47. Kh3 Be2 48. Qe8 Rf2 49. d6 Rfxg2 50. Qe5+ Kh7 51. d7 Rg1 52. Qxe2 Rg8 53. d8Q Rh1+ 0-1

[Event "Rostov on Don Rapid m"]
[Site "Rostov on Don"]
[Date "2024.02.18"]
[Round "3"]
[White "Kramnik, Vladimir"]
[Black "Esipenko, Andrey"]
[Result "0-1"]
[WhiteElo "2753"]
[BlackElo "2704"]
[PlyCount "84"]
[EventDate "2024.02.18"]
[EventType "match (rapid)"]
[EventRounds "6"]
[EventCountry "RUS"]
[SourceTitle "CB09_2024"]
[SourceDate "2024.02.28"]
[SourceVersion "1"]
[SourceVersionDate "2024.02.28"]
[SourceQuality "1"]

1. e4 e5 2. Nf3 Nc6 3. Bb5 a6 4. Ba4 Nf6 5. 0-0 Be7 6. d3 b5 7. Bb3 d6 8. c3 0-0 9. h3 Na5 10. Bc2 c5 11. d4 d5 12. dxe5 Nxe4 13. Nbd2 Bf5 14. Re1 Nc6 15. Nf1 c4 16. Be3 Bg6 17. Nd4 Rc8 18. Bxe4 Bxe4 19. f4 Nxd4 20. Bxd4 Rc6 21. Ng3 Bd3 22. f5 Rh6 23. Re3 Bg5 24. Rxd3 cxd3 25. Qxd3 Re8 26. Rf1 Qc7 27. f6 g6 28. Qf3 Rh4 29. Nf5 gxf5 30. Qg3 h6 31. Rxf5 Kh8 32. Kh2 Qc8 33. Rxg5 hxg5 34. Qxg5 Rh7 35. Qf4 Rg8 36. Qf3 Qe6 37. b4 Rg5 38. Qf4 Rhh5 39. Qf3 Rxe5 40. g4 Re2+ 41. Kh1 Rh7 42. Kg1 Qe4 0-1

[Event "Wch Blitz"]
[Site "Samarkand"]
[Date "2023.12.30"]
[Round "13"]
[White "Esipenko, Andrey"]
[Black "Aditya, Mittal"]
[Result "1-0"]
[WhiteElo "2702"]
[BlackElo "2595"]
[PlyCount "55"]
[EventDate "2023.12.29"]
[EventType "swiss (blitz)"]
[EventRounds "21"]
[EventCountry "UZB"]
[SourceTitle "CB01_2024"]
[SourceDate "2024.01.03"]
[SourceVersion "1"]
[SourceVersionDate "2024.01.03"]
[SourceQuality "1"]

1. e4 e5 2. Nf3 Nc6 3. Bc4 Nf6 4. d3 Bc5 5. Nc3 h6 6. 0-0 a6 7. Be3 d6 8. Bxc5 dxc5 9. a4 Qd6 10. Nd2 Bg4 11. Qe1 Nd4 12. Rc1 c6 13. a5 Qc7 14. Ba2 Qxa5 15. Nc4 Qc7 16. f4 exf4 17. e5 Nd5 18. Nd6+ Kf8 19. Bxd5 cxd5 20. Nxd5 Qc6 21. Nxf4 Kg8 22. h3 Bd7 23. Nh5 Rf8 24. c3 Ne6 25. Qg3 Kh7 26. Nxf7 Be8 27. Nxh8 Bxh5 28. Rxf8 1-0

[Event "Wch Blitz"]
[Site "Samarkand"]
[Date "2023.12.30"]
[Round "18"]
[White "Grigoriants, Sergey"]
[Black "Esipenko, Andrey"]
[Result "0-1"]
[WhiteElo "2544"]
[BlackElo "2702"]
[PlyCount "128"]
[EventDate "2023.12.29"]
[EventType "swiss (blitz)"]
[EventRounds "21"]
[EventCountry "UZB"]
[SourceTitle "CB01_2024"]
[SourceDate "2024.01.03"]
[SourceVersion "1"]
[SourceVersionDate "2024.01.03"]
[SourceQuality "1"]

1. e4 e5 2. Nf3 Nc6 3. Bb5 a6 4. Ba4 Nf6 5. 0-0 Be7 6. Re1 b5 7. Bb3 0-0 8. a4 Rb8 9. axb5 axb5 10. c3 d6 11. h3 b4 12. d3 bxc3 13. bxc3 d5 14. Nbd2 dxe4 15. dxe4 h6 16. Ba4 Bd7 17. Nc4 Ra8 18. Qc2 Qe8 19. Be3 Nd4 20. cxd4 Bxa4 21. Qc1 Nxe4 22. Nfxe5 f5 23. f3 Nf6 24. Bf2 Kh7 25. Qb1 Nd5 26. Ne3 Nxe3 27. Bxe3 Rb8 28. Qd3 Bb3 29. Bf2 Bd5 30. Qc2 Qd8 31. Nc6 Bxc6 32. Qxc6 Bd6 33. Qc4 Qg5 34. d5 Rb4 35. Qc1 Bf4 36. Qc3 Bd6 37. Qc1 Qf6 38. Qd2 Rb2 39. Qd4 Bg3 40. Qxb2 Qxb2 41. Bxg3 Qd4+ 42. Kh1 f4 43. Bh2 Qxd5 44. Re4 g5 45. Rc1 c6 46. Rec4 Rf6 47. Bg1 Qd7 48. Rc5 Kg6 49. Re1 Rf5 50. Rxf5 Qxf5 51. Rc1 Qd7 52. Rc5 h5 53. Bf2 Qd6 54. Rc1 Kf6 55. Kg1 Ke6 56. Rc5 Qd1+ 57. Kh2 Qe2 58. Kg1 g4 59. hxg4 hxg4 60. fxg4 Kd6 61. g5 Qg4 62. Ra5 f3 63. Bc5+ Ke6 64. Ra2 Qc4 0-1

[Event "Wch Blitz"]
[Site "Samarkand"]
[Date "2023.12.30"]
[Round "12"]
[White "Uskov, Artem"]
[Black "Esipenko, Andrey"]
[Result "1-0"]
[WhiteElo "2392"]
[BlackElo "2702"]
[PlyCount "139"]
[EventDate "2023.12.29"]
[EventType "swiss (blitz)"]
[EventRounds "21"]
[EventCountry "UZB"]
[SourceTitle "CB01_2024"]
[SourceDate "2024.01.03"]
[SourceVersion "1"]
[SourceVersionDate "2024.01.03"]
[SourceQuality "1"]

1. e4 e5 2. Nf3 Nc6 3. Bb5 a6 4. Ba4 Nf6 5. 0-0 Be7 6. Re1 b5 7. Bb3 0-0 8. a3 d6 9. h3 Be6 10. Bxe6 fxe6 11. d4 Nxd4 12. Nxd4 exd4 13. Qxd4 Nh5 14. Qd1 Bh4 15. Be3 Qf6 16. Rf1 Nf4 17. Qg4 Bg5 18. Nc3 h5 19. Qd1 Rf7 20. Bxf4 Bxf4 21. Qxh5 Raf8 22. Ne2 Qxb2 23. Nxf4 Rxf4 24. Qg6 R8f6 25. Qe8+ Kh7 26. Qh5+ Rh6 27. Qe2 Qe5 28. Rae1 Rhf6 29. Qd3 g5 30. Re3 Rh4 31. Rg3 Kh6 32. Qc3 Rxe4 33. Qxc7 Rc4 34. Qd8 Rf7 35. Qe8 Kg7 36. Kh2 Rxc2 37. Kg1 Rc4 38. Kh2 Rcf4 39. Kg1 R4f5 40. h4 Qxg3 41. fxg3 Rxf1+ 42. Kh2 R1f6 43. hxg5 Rg6 44. Qd8 e5 45. Kh3 e4 46. Qe8 d5 47. Qe5+ Kh7 48. Qxd5 Re7 49. Qc5 Rge6 50. Qe3 a5 51. Kh4 b4 52. axb4 axb4 53. Kh5 b3 54. Qxb3 e3 55. Qd3+ Kg7 56. Qe2 Re5 57. g4 Rb7 58. Qf3 Rf7 59. Qe2 Rf2 60. Qd3 e2 61. Qg6+ Kf8 62. Qd6+ Re7 63. Qd8+ Re8 64. Qd6+ Kg8 65. Qg6+ Kf8 66. Qd6+ Kf7 67. g6+ Kg7 68. Qd7+ Kf8 69. g7+ Kg8 70. Qxe8+ 1-0

[Event "Wch Blitz"]
[Site "Samarkand"]
[Date "2023.12.29"]
[Round "3"]
[White "Esipenko, Andrey"]
[Black "Pranesh, M."]
[Result "0-1"]
[WhiteElo "2702"]
[BlackElo "2523"]
[PlyCount "72"]
[EventDate "2023.12.29"]
[EventType "swiss (blitz)"]
[EventRounds "21"]
[EventCountry "UZB"]
[SourceTitle "CB01_2024"]
[SourceDate "2024.01.03"]
[SourceVersion "1"]
[SourceVersionDate "2024.01.03"]
[SourceQuality "1"]

1. e4 e5 2. Nf3 Nc6 3. Bc4 Nf6 4. d3 Bc5 5. 0-0 0-0 6. Re1 a6 7. h3 h6 8. c3 d6 9. Nbd2 Na5 10. Bb3 Nxb3 11. axb3 Be6 12. Nf1 Nh5 13. d4 Bb6 14. Be3 Qf6 15. b4 Rad8 16. Kh2 Nf4 17. Ng3 g5 18. d5 Bd7 19. Bxb6 cxb6 20. Nd2 g4 21. hxg4 Qh4+ 22. Kg1 Bxg4 23. Nf3 Qf6 24. Re3 Kh8 25. Qd2 Rg8 26. Nh2 Bd7 27. Rf3 Qh4 28. Nhf1 Rg5 29. Ne3 Rdg8 30. Rd1 R8g6 31. Qc2 h5 32. Qc1 Bg4 33. Nxg4 Qxg4 34. Kh2 h4 35. Rh1 hxg3+ 36. Kg1+ Kg7 0-1

[Event "Wch Blitz"]
[Site "Samarkand"]
[Date "2023.12.29"]
[Round "8"]
[White "Kosakowski, Jakub"]
[Black "Esipenko, Andrey"]
[Result "1-0"]
[WhiteElo "2479"]
[BlackElo "2702"]
[PlyCount "75"]
[EventDate "2023.12.29"]
[EventType "swiss (blitz)"]
[EventRounds "21"]
[EventCountry "UZB"]
[SourceTitle "CB01_2024"]
[SourceDate "2024.01.03"]
[SourceVersion "1"]
[SourceVersionDate "2024.01.03"]
[SourceQuality "1"]

1. e4 e5 2. Nf3 Nc6 3. Bb5 a6 4. Ba4 Nf6 5. 0-0 Be7 6. Re1 b5 7. Bb3 0-0 8. c3 d6 9. h3 a5 10. d4 a4 11. Bc2 Bd7 12. Nbd2 h6 13. Nf1 Re8 14. Ng3 Bf8 15. Bd3 Qb8 16. Be3 Qb7 17. Rc1 Na5 18. Nh2 Nc4 19. b3 axb3 20. axb3 Nxe3 21. Rxe3 exd4 22. cxd4 c5 23. dxc5 dxc5 24. e5 Nd5 25. Re1 Rad8 26. Be4 Bc6 27. Qf3 Nb4 28. Ng4 Kh8 29. Rcd1 c4 30. bxc4 bxc4 31. Nf6 gxf6 32. Rxd8 Rxd8 33. Qxf6+ Kg8 34. Qxd8 c3 35. Nh5 Bxe4 36. Rxe4 Qe7 37. Rg4+ Kh8 38. Nf6 1-0